Scènes choisies

Furkejuvvon:
Bibliográfalaš dieđut
Váldodahkki: Malraux, André (autor)
Materiálatiipa: Girji
Giella:fránskkagiella
Almmustuhtton: París Gallimard 1946
Preanttus:3a. ed
Fáttát:
Fáddágilkorat: Lasit fáddágilkoriid
Eai fáddágilkorat, Lasit vuosttaš fáddágilkora!

MARC

LEADER 00000nam a2200000 a 4500
001 UCL5593
003 CL-VaPUC
008 040312e19460000FR |||||||||||||||||fre|d
082 0 4 |a 843  |b MAL  |2 21 
100 |a Malraux, André  |e autor  |9 596789 
245 1 0 |a Scènes choisies 
250 |a 3a. ed 
300 |a 342 p 
942 |c BK 
945 |d 20040312 00:00:00  |a cmena 
260 |a París  |b Gallimard  |c 1946 
650 0 |a Novela francesa  |9 264985 
650 0 |a Literatura francesa  |9 266330 
583 |a last modification  |c 20040312 00:00:00  |k Rodrigo Vera 
999 |c 308102  |d 308100 
952 |0 0  |1 0  |4 0  |6 843_000000000000000_MAL_1946  |7 0  |8 A  |9 374370  |a FDOPOS  |b FDOPOS  |d 2019-11-21  |i 3993388  |o 843 MAL 1946  |p 3993388  |r 2025-01-22  |w 2019-11-21  |y BK  |k MLA